Informe de actividades: Sección Nacional Chilena de la Comisión para la Conservación de los Recursos Vivos marinos Antárticos, CCRVMA
Saved in:
| Corporate Author: | |
|---|---|
| Format: | Book |
| Language: | Spanish |
| Published: |
Valparaíso
Universidad Católica de Valparaíso
2000
|
| Series: | Estudios y Documentos, 22
|
| Subjects: | |
| Tags: |
Add Tag
No Tags, Be the first to tag this record!
|
MARC
| LEADER | 00000nam a2200000 a 4500 | ||
|---|---|---|---|
| 001 | UCM8927 | ||
| 003 | CL-VaPUC | ||
| 008 | 030404e20000000CL |||||||||||||||||spa|d | ||
| 082 | 0 | 4 | |a 333.9528 |b UNI |2 21 |
| 110 | 2 | |a Universidad Católica de Valparaíso |e author |9 475234 | |
| 245 | 1 | 0 | |a Informe de actividades: Sección Nacional Chilena de la Comisión para la Conservación de los Recursos Vivos marinos Antárticos, CCRVMA |
| 300 | |a 154 h | ||
| 942 | |c BK | ||
| 945 | |d 20030404 00:00:00 |a cmena | ||
| 260 | |a Valparaíso |b Universidad Católica de Valparaíso |c 2000 | ||
| 650 | 0 | |a Recursos marinos |9 261196 | |
| 650 | 7 | |a CONSERVACION DE LOS RECURSOS MARINOS |2 CL-VaPUC |9 261851 | |
| 650 | 0 | |a Ecología marina |9 259946 | |
| 650 | 0 | |a Protección del medio ambiente |9 257626 | |
| 651 | 0 | |a Antártica (Antártida) |9 324088 | |
| 583 | |a last modification |c 20030404 00:00:00 |k Rodrigo Vera | ||
| 490 | 0 | |a Estudios y Documentos, 22 | |
| 999 | |c 303341 |d 303339 | ||